书目信息 |
| 题名: |
调查和研究
|
|
| 作者: | ;中共中央书记处研究室理论组 编 | |
| 分册: | ||
| 出版信息: | 北京 中共中央党校出版社 1983.01 |
|
| 页数: | 577页 | |
| 开本: | 21cm | |
| 丛书名: | ||
| 单 册: | ||
| 中图分类: | C55 | |
| 科图分类: | ||
| 主题词: | 社会科学--连续出版物 , 社会科学--期刊 | |
| 电子资源: | ||
| ISBN: | ||
| 000 | 00867nam0 2200265 45 | |
| 001 | 0183005716 | |
| 005 | 20050329105719.0 | |
| 010 | @dCNY1.90 | |
| 091 | @a3230.97 | |
| 100 | @a19950522d1983 kemy0chiy0121 ea | |
| 101 | 0 | @achi |
| 102 | @aCN@b110000 | |
| 105 | @ay z 000yy | |
| 200 | 10 | @a调查和研究@Adiao cha he yan jiu@e一九八二年汇编本@EYi Jiu Ba Er Nian Hui Bian Ben@f中共中央书记处研究室理论组编@FZhong Gong Zhong Yang Shu Ji Chu Yan Jiu Shi Li Lun Zu Bian |
| 210 | @a北京@c中共中央党校出版社@d1983.01 | |
| 215 | @a577页@d21cm | |
| 300 | @a内部发行 | |
| 517 | @a一九八二年汇编本@AYi Jiu Ba Er Nian Hui Bian Ben | |
| 606 | 0 | @a社会科学@x连续出版物 |
| 606 | 0 | @a社会科学@x期刊 |
| 690 | @aC55@v3 | |
| 711 | 02 | @a中共中央书记处研究室理论组@4编 |
| 801 | 0 | @aCN@b上海图书馆@c20031224 |
| 801 | 2 | @aCN@bNLC@c20031224 |
| 905 | @dC55@e20(1982)@f1@b161034 | |
| 调查和研究:一九八二年汇编本/中共中央书记处研究室理论组编.-北京:中共中央党校出版社,1983.01 |
| 577页;21cm |
| 内部发行 |
| ISBN :CNY1.90 |
| ● |
| 相关链接 |
|
|
|
|
正题名:调查和研究
索取号:C55/20(1982)
 
预约/预借
| 序号 | 登录号 | 条形码 | 馆藏地/架位号 | 状态 | 备注 |
| 1 | 0161034 | 002031866 | 密集书库/ [索取号:C55/20(1982)] | 在馆 | |
| 2 | 0161035 | 001143177 | 第一样本阅览室/ [索取号:C55/20(1982)] | 在馆 |